Pokemon By Silhouette - Statistics

General Stats
  • This quiz has been taken 104 times
  • The average score is 15 of 24
Answer Stats
Picture Answer % Correct
Onix
96%
Vulpix
93%
Ponyta
87%
Lickitung
84%
Dratini
80%
Marowak
80%
Primeape
71%
Blaziken
70%
Seaking
68%
Victreebel
67%
Arcanine
66%
Hitmonchan
66%
Weedle
64%
Sandslash
61%
Kadabra
57%
Seadra
54%
Corviknight
51%
Lapras
51%
Zoroark
51%
Haunter
50%
Gyarados
45%
Scyther
45%
Skiddo
45%
Blitzle
37%
No matching quizzes found
Score Distribution
Percent of People with Each Score
Percentile by Number Answered
Your Score History
You have not taken this quiz